Govt. of
Madhya Pradesh

The Memoirs of Sherlock Holmes (Record no. 63387)

MARC details
000 -LEADER
fixed length control field 00249nam a22000977a 4500
100 ## - MAIN ENTRY--AUTHOR NAME
Personal name Doyle,Arthur Canan
245 ## - TITLE STATEMENT
Title The Memoirs of Sherlock Holmes
260 ## - PUBLICATION, DISTRIBUTION, ETC. (IMPRINT)
Place of publication Delhi
Name of publisher Deepali Publication
Year of publication 2016
650 ## - SUBJECT ADDED ENTRY--TOPICAL TERM
Topical Term Children Book
942 ## - ADDED ENTRY ELEMENTS (KOHA)
Koha item type Books
Holdings
Withdrawn status Lost status Damaged status Not for loan Home library Current library Date acquired Cost, normal purchase price Full call number Accession Number Price effective from Koha item type
        MACL MACL 24/09/2020 425.00 741.642 RRC000271 24/09/2020 Books